| 000 | 00462 a2200181 4500 | ||
|---|---|---|---|
| 999 |
_c8250 _d8250 |
||
| 003 | GBCCL | ||
| 005 | 20241126110646.0 | ||
| 008 | 190819b ||||| |||| 00| 0 eng d | ||
| 020 | _a0994591128 | ||
| 020 | _a9780994591128 | ||
| 040 | _cgbc | ||
| 082 |
_a266 _bMAG |
||
| 100 |
_aMaggay, Melba Padilla _914359 |
||
| 245 |
_aINTEGRAL MISSION : _bbiblical foundations. |
||
| 260 |
_aPhilippines: _bMICAH GLOBAL, _c2016 |
||
| 300 | _a33p. ; | ||
| 942 |
_2ddc _cBK _021 |
||